|
|
|
|
| LEADER |
00000nam0a2200000 4500 |
| 001 |
302887 |
| 005 |
20231102001541.0 |
| 035 |
|
|
|a (RuTPU)RU\TPU\book\328104
|
| 090 |
|
|
|a 302887
|
| 100 |
|
|
|a 20150827d1972 k y0rusy50 ca
|
| 101 |
0 |
|
|a rus
|
| 102 |
|
|
|a RU
|
| 105 |
|
|
|a a z 101zy
|
| 200 |
1 |
|
|a Взаимосвязь технических и общественных наук
|e материалы конференции, 1971 г., Ленинград
|f Академия наук СССР (АН СССР), Институт истории естествознания и техники (ИИЕТ АН СССР), Ленинградское отделение ; под ред. Ю. С. Мелещенко
|
| 210 |
|
|
|a Ленинград
|c Изд-во Ин-та истории естествознания и техники
|d 1972
|
| 215 |
|
|
|a 323 с.
|c черт.
|
| 225 |
1 |
|
|a Методологические и социальные проблемы техники и технических наук
|v Вып. 1
|
| 320 |
|
|
|a Библиогр. в конце докл.
|
| 606 |
1 |
|
|a Науки
|x Взаимодействие
|x Философские проблемы
|2 stltpush
|3 (RuTPU)RU\TPU\subj\45097
|9 64359
|
| 606 |
1 |
|
|a Технические науки
|x Методология
|2 stltpush
|3 (RuTPU)RU\TPU\subj\60066
|9 77556
|
| 610 |
1 |
|
|a техника
|
| 610 |
1 |
|
|a гносеология
|
| 610 |
1 |
|
|a кибернетика
|
| 610 |
1 |
|
|a стандартизация
|
| 610 |
1 |
|
|a высшее образование
|
| 610 |
1 |
|
|a инженерная деятельность
|
| 610 |
1 |
|
|a изобретательская деятельность
|
| 610 |
1 |
|
|a исследования
|
| 610 |
1 |
|
|a методика преподавания
|
| 675 |
|
|
|a 62:1
|v 4
|
| 686 |
|
|
|a Ю251.23
|v LBC/SL-A
|2 rubbk
|
| 702 |
|
1 |
|a Мелещенко
|b Ю. С.
|g Юрий Сергеевич
|4 340
|
| 712 |
0 |
2 |
|a Академия наук СССР (АН СССР)
|b Институт истории естествознания и техники (ИИЕТ АН СССР)
|b Ленинградское отделение
|c (Москва)
|2 stltpush
|3 (RuTPU)RU\TPU\col\8662
|
| 801 |
|
1 |
|a RU
|b 63413507
|c 20150827
|
| 801 |
|
2 |
|a RU
|b 63413507
|c 20220603
|g RCR
|
| 942 |
|
|
|c BK
|